The international problem of national minorities

Podrobná bibliografia
Hlavný autor: Chaszar, Edward, 1920-2011 (Autor)
Médium: Kniha
Jazyk:angličtina
PhysicalDescription:ii, 242 strán 22 cm
Vydavateľské údaje: Toronto Matthias Corvinus Publishing 1999
ISBN:1882785029
Vydanie:3rd ed. rev. and enl.
Predmet:

MARC

LEADER 00000cam a2200000 a 4500
001 vtls001468120
003 SK-MaSNL
005 20260302002726.0
008 240226s1999 xxu frn 000 0 eng
015 |a SNBZSA2004-00182 
020 |a 1882785029  |q (brožované) 
035 |a SNK000423425 
035 |a urn:nbn:sk:snk-am3j2he 
035 |a 7C82A8AC-F385-4DCD-9DAD-FCFE9CDCCC18 
035 |a urn:nbn:sk:snk-am00ghxs 
040 |a SNK  |b slo  |c SNK  |e AACR2 
041 0 |a eng 
044 |a xxu  |c US 
072 7 |a 327  |x Medzinárodné vzťahy, svetová politika  |2 konspekt 
072 7 |a 341  |x Medzinárodné právo  |2 konspekt 
080 |a 323.15:341.234(091)=111  |2 1997 
080 |a 341.234  |2 1997 
080 |a 342.7  |2 1997 
080 |a 341  |2 2011 
080 |a 342.724  |2 2011 
080 |a (093)  |2 2011 
080 |a (048.8)  |2 2011 
100 1 |a Chaszar, Edward,  |d 1920-2011  |4 aut  |9 640470 
245 1 4 |a The international problem of national minorities  |c Edward Chaszar 
250 |a 3rd ed. rev. and enl. 
260 |a Toronto  |b Matthias Corvinus Publishing  |c 1999 
300 |a ii, 242 strán  |c 22 cm 
504 |a Obsahuje bibliografické odkazy 
650 0 7 |a národnostné menšiny  |2 SNKPH  |9 2669 
650 0 7 |a menšinové právo  |2 SNKPH  |9 591562 
650 0 7 |a medzinárodné právo  |2 SNKPH  |9 980 
655 7 |a dokumenty  |2 SNKPH  |9 70482 
655 7 |a štúdie  |2 SNKPH  |9 57033 
919 |a 1-882785-02-9 
958 |a TL 
958 |a NB 
958 |a ZS 
958 |a SP 
958 |a OND 
999 |c 989113  |d 991043 
952 |t P60, <03>, [BOOK], {603}  |a SNK  |b SNK  |y PREZ  |7 0  |p 17A0426055  |o snkSC 115524  |i snkV 656/2004  |g 8.63  |0 0  |1 0  |4 0  |d 2004-02-10  |f 1  |l 0  |r 2025-10-03 00:00:00  |w 2026-02-24